| 000 | 01661nam a22003617a 4500 | ||
|---|---|---|---|
| 001 | 15036265 | ||
| 003 | OSt | ||
| 005 | 20210426111620.0 | ||
| 008 | 071005s2008 ctu b 001 0 eng | ||
| 010 | _a 2007040499 | ||
| 020 | _a9780300112405 (cloth : alk. paper) | ||
| 040 |
_aDLC _cDLC _dDLC |
||
| 050 | 0 | 0 |
_aJZ1318 _b.G792 2008 |
| 080 |
_a32 _bG-82 |
||
| 082 | 0 | 0 |
_a303.48/2 _222 |
| 100 | 1 |
_aGrewal, David Singh, _d1976- |
|
| 245 | 1 | 0 |
_aNetwork power : _bthe social dynamics of globalization / _cDavid Singh Grewal. |
| 260 |
_aNew Haven : _bYale University Press, _cc2008. |
||
| 300 |
_ax, 405 p. ; _c25 cm. |
||
| 504 | _aIncludes bibliographical references (p. 377-393) and index. | ||
| 505 | 0 | _aIntroduction -- Defining network power -- The power of sociability -- English and gold -- Power and choice in networks -- Evaluating network power -- Countering network power -- Network power in technology -- Global trade and network power -- Global neoliberalism -- Network power and cultural convergence -- Conclusion -- Notes -- Bibliography -- Index. | |
| 650 | 0 |
_aGlobalization _xSocial aspects. |
|
| 650 | 0 |
_aGlobalization _xEconomic aspects. |
|
| 650 | 0 | _aSocial networks. | |
| 650 | 0 | _aBusiness networks. | |
| 650 | 0 | _aCommunication, International. | |
| 650 | 0 | _aCosmopolitanism. | |
| 653 | _aპოლიტიკა | ||
| 856 | 4 | 1 |
_3Table of contents _uhttp://www.loc.gov/catdir/toc/fy0804/2007040499.html |
| 906 |
_a7 _bcbc _corignew _d1 _eecip _f20 _gy-gencatlg |
||
| 942 |
_2udc _cBK |
||
| 999 |
_c1227 _d1227 |
||